|
|
|
แสดงรายละเอียดบรรณานุกรม |
|
|
Brief Record
: Get Marc (ISO 2709)
: E-mail record
: |
|
|
| LEADER 01174nam 2200277 a 4500 | |||
| 001 9598 | |||
| 003 ULIBM | |||
| 008 030417s2004 caua sb 001 0 eng | |||
| 020 ^a9747709II2 | |||
| 082 ^aR923.1^bT-Q | |||
| 100 ^aThe Ministry of Foreign Affairs | |||
| 245 ^aQueen Sirikit : The jewel of the Kingdom/^cThe Ministry of Foreign Affairs | |||
| 260 ^aBangkok:^bม.ป.ท.,^c2004 | |||
| 650 ^aสิริกิติ์, สมเด็จพระนางเจ้า | |||
| 913 ^aImported by ULIBM Administrator | |||
| 949 ^aImport form external file by ULIBM system | |||
| คุณยังไม่ได้ล็อกอิน คุณสามารถมีกิจกรรมร่วมกับเว็บไซต์ได้ แต่ต้องล็อกอินก่อน :: |
|
| สถานะ | |||||||||
| 1. | หนังสือ สถานะ=ใช้ในห้องสมุดเท่านั้น | R 923.1 T-Q 2004 Barcode: 072462 | ►หนังสืออ้างอิง | On Shelf | |||||
| [แสดง 1/1 รายการ] | |||||||||

| รายการใกล้เคียง หัวเรื่อง [สิริกิติ์, สมเด็จพระนางเจ้า]
|
BibComment |
| คอมเมนท์ทรัพยากรรายการนี้ |
|
|
ห้องสมุดโรงเรียนสามัคคีวิทยาคม
159 ถ.บรรพปราการ ต.เวียง อ.เมือง จ.เชียงราย 57000
โทร. 053-711018 โทรสาร 053-713003